| 000 | 00739nam a2200181 a 4500 | ||
|---|---|---|---|
| 008 | 120416s2004 ||||||||||||||||| || u | ||
| 050 | _aIBRD(02) | ||
| 100 | _aFreire, Mila | ||
| 245 | 1 | 0 |
_aSub-national capital markets in developing countries: from theory to practice _cedited by Mila Freire |
| 260 |
_aWashigton, D.C. _bWorld Bank _c2004 |
||
| 350 | _a0.00 | ||
| 650 | _aDEBTS, PUBLIC--DEVELOPING COUNTRIES | ||
| 650 | _aCAPITAL MARKET--DEVELOPING COUNTRIES | ||
| 650 | _aSUBNATIONAL GOVERNMENTS--DEVELOPING COUNTRIES | ||
| 700 | _aPetersen, John | ||
| 710 | _aWorld Bank | ||
| 995 |
_D0.00 _FCBU-MAIN LIBRARY (Kitwe) _H1 _I0.00 _M1 _UAVAILABLE _WDec 14, 2007 _ZInternational Publications |
||
| 999 |
_c59015 _d59015 |
||